History Quiz

Random History or Art Quiz
Score 0/15 Timer 05:00
9 Plays Today
% Correct
Vincent van Gogh
94.1%
Leonardo da Vinci
89.8%
Salvador Dalí
84.8%
Pablo Picasso
76.3%
Andy Warhol
75.5%
Frida Kahlo
68.5%
Rembrandt van Rijn
50.9%
M.C. Escher
47.4%
% Correct
Claude Monet
46%
Raphael
25%
Henri Matisse
22.5%
Mary Cassatt
21%
Diego Velázquez
18.4%
Chuck Close
12%
Piet Mondrian
8.5%
Remove Ads.
Support Sporcle.
Get the best of Sporcle when you Go Orange. This ad-free experience offers more features, more stats, and more fun while also helping to support Sporcle. Thank you for becoming a member.

You're not logged in!

Compare scores with friends on all Sporcle quizzes.
OR
Log In

Show Comments

Extras

Top Quizzes Today


Score Distribution

Your Account Isn't Verified!

In order to create a playlist on Sporcle, you need to verify the email address you used during registration. Go to your Sporcle Settings to finish the process.

Report this User

Report this user for behavior that violates our Community Guidelines.

Details: